Women and Political Empowerment 1997: Womens Political Empowerment Day Celebrations on Panchayats Women and Primary Education (Record no. 224258)

MARC details
000 -LEADER
fixed length control field 00816nam a22002417a 4500
005 - DATE AND TIME OF LATEST TRANSACTION
control field 20220728114149.0
008 - FIXED-LENGTH DATA ELEMENTS--GENERAL INFORMATION
fixed length control field 220728b ||||| |||| 00| 0 eng d
040 ## - CATALOGING SOURCE
Transcribing agency AL
041 ## - LANGUAGE CODE
Language code of text/sound track or separate title English
082 ## - DEWEY DECIMAL CLASSIFICATION NUMBER
Edition number 23
Classification number 305.42
Item number MOHW
100 ## - MAIN ENTRY--PERSONAL NAME
Personal name Bidyut Mohanty and others
100 ## - MAIN ENTRY--PERSONAL NAME
9 (RLIN) 53779
245 ## - TITLE STATEMENT
Title Women and Political Empowerment 1997: Womens Political Empowerment Day Celebrations on Panchayats Women and Primary Education
260 ## - PUBLICATION, DISTRIBUTION, ETC.
Place of publication, distribution, etc. New Delhi
Name of publisher, distributor, etc. Institute of Social Sciences
Date of publication, distribution, etc. 1997
300 ## - PHYSICAL DESCRIPTION
Extent vi,123 p.
Other physical details PB
Dimensions 23.4x15.5 cm.
650 ## - SUBJECT ADDED ENTRY--TOPICAL TERM
Topical term or geographic name entry element Panchayat
9 (RLIN) 53780
650 ## - SUBJECT ADDED ENTRY--TOPICAL TERM
Topical term or geographic name entry element India
9 (RLIN) 53781
650 ## - SUBJECT ADDED ENTRY--TOPICAL TERM
Topical term or geographic name entry element Women--Political activity
9 (RLIN) 53782
650 ## - SUBJECT ADDED ENTRY--TOPICAL TERM
Topical term or geographic name entry element Women Primary Education
9 (RLIN) 53783
700 ## - ADDED ENTRY--PERSONAL NAME
Personal name MOHANTY (Bidyut) Ed
9 (RLIN) 53784
700 ## - ADDED ENTRY--PERSONAL NAME
Personal name ROY (Joya) Ed
9 (RLIN) 53785
700 ## - ADDED ENTRY--PERSONAL NAME
Personal name GUPTA (Smita) Ed
9 (RLIN) 53786
942 ## - ADDED ENTRY ELEMENTS (KOHA)
Source of classification or shelving scheme Dewey Decimal Classification
Koha item type George Fernandes Collections
Holdings
Withdrawn status Lost status Source of classification or shelving scheme Damaged status Not for loan Collection code Home library Current library Date acquired Total Checkouts Full call number Barcode Date last seen Price effective from Koha item type
    Dewey Decimal Classification     Sociology St Aloysius Library St Aloysius Library 03/23/2013   305.42 MOHW GF01229 07/28/2022 07/28/2022 George Fernandes Collections